[Event "9eme Open International de La Fere"]
[Site "La Fere (FRA)"]
[Date "2010.??.??"]
[Round "6.46"]
[White "Azzouz, Belkhelfa"]
[Black "Pierret, Paul"]
[Result "1-0"]
[WhiteElo "1841"]
[BlackElo "1478"]
[PlyCount "55"]
[EventDate "2010.07.07"]

1. e4 e5 2. Nf3 d6 3. d4 exd4 4. Nxd4 Nf6 5. Bc4 a6 6. O-O c5 7. Nf3 h6 8. Re1
Be7 9. e5 Ng4 10. exd6 Be6 11. Bxe6 fxe6 12. dxe7 Qxd1 13. Rxd1 Kxe7 14. h3 Nf6
15. Bf4 Nd5 16. Bg3 Nc6 17. c4 Ndb4 18. Nc3 g5 19. Bd6+ Kf7 20. Bxc5 a5 21.
Rd7+ Kg6 22. Re1 Rhe8 23. g4 Nc2 24. Re2 N2b4 25. a3 Na6 26. Bd4 Nxd4 27. Ne5+
Kf6 28. Rf7# 1-0

[Event "9eme Open International de La Fere"]
[Site "La Fere (FRA)"]
[Date "2010.??.??"]
[Round "6.47"]
[White "Nicolas, Christian"]
[Black "Caloone, Jules"]
[Result "1-0"]
[WhiteElo "1830"]
[BlackElo "1380"]
[PlyCount "47"]
[EventDate "2010.07.07"]

1. e4 e5 2. f4 d6 3. Nf3 Nc6 4. Bc4 Be6 5. Bb3 Bg4 6. c3 Nf6 7. d3 d5 8. Nbd2
exf4 9. O-O dxe4 10. dxe4 Ne5 11. Qc2 Bc5+ 12. Kh1 Nd3 13. Nc4 Bxf3 14. gxf3 b5
15. Na3 c6 16. Qe2 O-O 17. Bc2 Ne5 18. Bxf4 Qe7 19. Bxe5 Qxe5 20. f4 Qh5 21.
Qg2 Ng4 22. Bd1 f5 23. exf5 Qxf5 24. Bxg4 1-0

[Event "9eme Open International de La Fere"]
[Site "La Fere (FRA)"]
[Date "2010.??.??"]
[Round "6.48"]
[White "Obert, Julien"]
[Black "Cassol, Robert"]
[Result "1-0"]
[WhiteElo "1816"]
[BlackElo "1360"]
[PlyCount "43"]
[EventDate "2010.07.07"]

1. e4 c5 2. Nf3 d6 3. d4 cxd4 4. Nxd4 Nf6 5. Nc3 g6 6. Be3 Bg7 7. f3 Bd7 8. Qd2
h5 9. h4 a6 10. O-O-O Nc6 11. Kb1 Nxd4 12. Bxd4 Rc8 13. e5 dxe5 14. Bxe5 Qa5
15. Bxf6 O-O 16. Bxg7 Be6 17. Bxf8 Rxc3 18. Qxc3 Qxa2+ 19. Kc1 f6 20. Bxe7 Bf5
21. Bc4+ Be6 22. Bxa2 1-0

[Event "9eme Open International de La Fere"]
[Site "La Fere (FRA)"]
[Date "2010.07.07"]
[Round "6.49"]
[White "Caloone, Claire"]
[Black "Casier, Fabrice"]
[Result "0-1"]
[WhiteElo "1320"]
[BlackElo "1802"]
[PlyCount "84"]
[EventDate "2010.07.07"]

1. e4 d5 2. e5 Bf5 3. d4 e6 4. f4 c5 5. c3 Nc6 6. Nf3 cxd4 7. cxd4 Bb4+ 8. Bd2
Qb6 9. Nc3 Nge7 10. Na4 Qa5 11. a3 Bxd2+ 12. Nxd2 Nxd4 13. Rc1 O-O 14. b4 Qd8
15. Nc5 b6 16. Nb7 Qc7 17. Nd6 Bg6 18. Nf3 Ndf5 19. Bb5 Qd8 20. Nxf5 Nxf5 21.
O-O Ne3 22. Qe2 Nxf1 23. Qxf1 Rc8 24. Nd4 Rxc1 25. Qxc1 Qa8 26. a4 a6 27. Be2
Rc8 28. Qb2 Qb7 29. b5 a5 30. Nc6 Rxc6 31. bxc6 Qxc6 32. Bb5 Qc2 33. Qd4 Qc5
34. Qxc5 bxc5 35. Kf2 f6 36. exf6 gxf6 37. Ke3 Kf7 38. g4 Bc2 39. h4 h6 40. g5
fxg5 41. fxg5 hxg5 42. hxg5 Kg6 0-1

[Event "9eme Open International de La Fere"]
[Site "La Fere (FRA)"]
[Date "2010.07.07"]
[Round "6.50"]
[White "Biyidi, Thomas"]
[Black "Siegfried, Francois"]
[Result "1-0"]
[WhiteElo "1789"]
[BlackElo "1360"]
[PlyCount "62"]
[EventDate "2010.07.07"]

1. c4 c5 2. Nf3 g6 3. Nc3 Bg7 4. d3 Nf6 5. e4 e5 6. Be2 d6 7. O-O O-O 8. Nd5
Nc6 9. h3 Re8 10. Be3 Nxd5 11. cxd5 Nb8 12. a4 a5 13. Nd2 Na6 14. Nc4 Nb4 15.
Bd2 Bd7 16. Bxb4 axb4 17. b3 b5 18. axb5 Rxa1 19. Qxa1 Bxb5 20. Rc1 Bh6 21. Rc2
Rf8 22. Ra2 Qf6 23. Bf3 Bxc4 24. dxc4 Rd8 25. Ra6 Qf4 26. Ra8 Qd2 27. Qd1 Qc3
28. h4 Qc1 29. Qxc1 Bxc1 30. h5 g5 31. h6 Bf4 1-0

[Event "9eme Open International de La Fere"]
[Site "La Fere (FRA)"]
[Date "2010.??.??"]
[Round "6.51"]
[White "Parent, Henri"]
[Black "Degraeve, Remy"]
[Result "0-1"]
[WhiteElo "1776"]
[BlackElo "1320"]
[PlyCount "72"]
[EventDate "2010.07.07"]

1. e4 e5 2. Nf3 Nc6 3. Bc4 Bc5 4. d3 d6 5. Ng5 Qf6 6. O-O h6 7. Nxf7 Rh7 8.
Nxd6+ cxd6 9. Bxg8 Rh8 10. Bc4 Qg6 11. g3 Bh3 12. Nc3 Bxf1 13. Kxf1 O-O-O 14.
Nd5 Rhf8 15. f4 exf4 16. Nxf4 Qf6 17. Qg4+ Kb8 18. Ke1 Nd4 19. Kd2 g5 20. Ne2
Qf2 21. b3 Nf3+ 22. Kc3 Qe1+ 23. Kb2 Qxe2 24. h4 Qe1 25. a3 Bd4+ 26. Kb1 Nd2+
27. Ka2 Bxa1 28. Bxd2 Qxd2 29. Kxa1 Rf1+ 30. Kb2 Qc1+ 31. Kc3 Qa1+ 32. Kb4 Qe1+
33. c3 a5+ 34. Ka4 Qxc3 35. Qe6 Ra1 36. Qe7 Qb4# 0-1

[Event "9eme Open International de La Fere"]
[Site "La Fere (FRA)"]
[Date "2010.07.08"]
[Round "7.1"]
[White "Colin, Vincent"]
[Black "Romanov, Evgeny"]
[Result "0-1"]
[WhiteElo "2425"]
[BlackElo "2590"]
[PlyCount "70"]
[EventDate "2010.07.08"]

1. d4 Nf6 2. c4 e6 3. Nc3 Bb4 4. e3 O-O 5. Nge2 d5 6. cxd5 exd5 7. g3 Bf5 8.
Bg2 Be4 9. f3 Bg6 10. O-O c5 11. a3 cxd4 12. axb4 dxc3 13. Nxc3 Nc6 14. b5 Nb4
15. g4 h6 16. f4 Bd3 17. Rf2 Ne4 18. Nxe4 Bxe4 19. Rd2 Qb6 20. Rd4 Qxb5 21.
Bxe4 dxe4 22. Qb3 a5 23. Bd2 Rad8 24. Re1 Rxd4 25. exd4 Qd7 26. f5 Qxd4+ 27.
Qe3 Qd6 28. Bxb4 Qxb4 29. Qxe4 Qxb2 30. Rb1 Qd2 31. Rxb7 Qc1+ 32. Kg2 Rc8 33.
Qb1 Qd2+ 34. Kf3 Rc3+ 35. Ke4 Re3+ 0-1

[Event "9eme Open International de La Fere"]
[Site "La Fere (FRA)"]
[Date "2010.07.08"]
[Round "7.2"]
[White "Piankov, Evgenij"]
[Black "Forthofer, Robert"]
[Result "0-1"]
[WhiteElo "2324"]
[BlackElo "2303"]
[PlyCount "128"]
[EventDate "2010.07.08"]

1. d4 e6 2. Nf3 Nf6 3. e3 b6 4. Bd3 Bb7 5. O-O Be7 6. c4 c5 7. Nc3 cxd4 8. exd4
d5 9. cxd5 Nxd5 10. Bb5+ Bc6 11. Qa4 Bxb5 12. Qxb5+ Qd7 13. Nxd5 exd5 14. Qxd7+
Nxd7 15. Re1 f6 16. Bf4 Kf7 17. Rac1 Rac8 18. Bc7 Nf8 19. Rc2 Ne6 20. Rec1 Ke8
21. Kf1 Kd7 22. Bg3 g5 23. h3 h5 24. Rxc8 Rxc8 25. Rxc8 Kxc8 26. Ke2 g4 27.
hxg4 hxg4 28. Nh2 Nxd4+ 29. Kd3 Nc6 30. Nxg4 Nb4+ 31. Kd4 Bc5+ 32. Kc3 Nxa2+
33. Kb3 Nc1+ 34. Kc2 f5 35. Ne3 Ne2 36. Nxf5 Nxg3 37. fxg3 Kd7 38. Kd3 Ke6 39.
Ng7+ Ke5 40. g4 a5 41. Ne8 Be7 42. Nc7 Kd6 43. Nb5+ Kc5 44. Nd4 Bf6 45. Nb3+
Kd6 46. Kc2 a4 47. Nc1 Kc5 48. Nd3+ Kc4 49. Nc1 d4 50. Nd3 b5 51. g5 Bxg5 52.
Ne5+ Kd5 53. Nf3 Bf6 54. Kd3 b4 55. Nd2 Be7 56. g4 a3 57. bxa3 bxa3 58. Kc2 Bb4
59. Nb3 Kc4 60. Nc1 Bc3 61. Na2 d3+ 62. Kb1 Bg7 63. g5 Be5 64. g6 Bg7 0-1

[Event "9eme Open International de La Fere"]
[Site "La Fere (FRA)"]
[Date "2010.07.08"]
[Round "7.4"]
[White "Fomichenko, Svetlana"]
[Black "Demanghon, Jonathan"]
[Result "1/2-1/2"]
[WhiteElo "2217"]
[BlackElo "2183"]
[PlyCount "59"]
[EventDate "2010.07.08"]

1. e4 e6 2. d4 d5 3. Nc3 Nf6 4. Bg5 Bb4 5. e5 h6 6. Bd2 Bxc3 7. bxc3 Ne4 8. Bd3
Nxd2 9. Qxd2 c5 10. Nh3 Nc6 11. Be2 Qa5 12. Rd1 Bd7 13. O-O Rc8 14. dxc5 Qxc5
15. c4 Nxe5 16. cxd5 O-O 17. Nf4 Qxc2 18. Qd4 Qf5 19. Nd3 Ng6 20. Nc5 Nf4 21.
Bf3 Bb5 22. Rfe1 b6 23. Nb7 Qf6 24. Nd6 Rc5 25. dxe6 Nxe6 26. Qxf6 gxf6 27. Ne4
Rc2 28. Nxf6+ Kg7 29. Nh5+ Kh8 30. a3 1/2-1/2

[Event "9eme Open International de La Fere"]
[Site "La Fere (FRA)"]
[Date "2010.07.08"]
[Round "7.5"]
[White "Degraeve, Jean-Marc"]
[Black "Waquet, Frederic"]
[Result "1-0"]
[WhiteElo "2569"]
[BlackElo "1976"]
[PlyCount "53"]
[EventDate "2010.07.08"]

1. e4 e6 2. d4 d5 3. Nc3 Bb4 4. exd5 exd5 5. Bd3 Qf6 6. Nge2 Ne7 7. O-O c6 8.
Ng3 g6 9. Re1 Be6 10. Bd2 Bxc3 11. bxc3 h5 12. h3 Nd7 13. Qc1 Qg7 14. Rb1 b5
15. a4 a6 16. Qa3 Nc8 17. axb5 Qf8 18. Qa5 Qd6 19. c4 O-O 20. Bb4 c5 21. dxc5
Qf4 22. c6 Ndb6 23. Bxf8 axb5 24. Qxb5 Kxf8 25. c5 h4 26. cxb6 hxg3 27. Qb4+
1-0

[Event "9eme Open International de La Fere"]
[Site "La Fere (FRA)"]
[Date "2010.07.08"]
[Round "7.7"]
[White "Pytel, Bozena"]
[Black "Laurent, Bruno"]
[Result "0-1"]
[WhiteElo "1964"]
[BlackElo "2336"]
[PlyCount "82"]
[EventDate "2010.07.08"]

1. Nf3 Nf6 2. d4 g6 3. c4 Bg7 4. Nc3 d6 5. e4 O-O 6. h3 e5 7. d5 a5 8. Bg5 Na6
9. Be2 Qe8 10. g4 Nd7 11. Nh4 Bf6 12. Bxf6 Nxf6 13. g5 Nd7 14. Nf3 Ndc5 15. h4
Bg4 16. Nh2 Bd7 17. Bg4 f5 18. gxf6 Rxf6 19. Bxd7 Qxd7 20. Ng4 Rf4 21. f3 Raf8
22. Rh3 Nb4 23. Qe2 Nbd3+ 24. Kd2 Rxg4 25. fxg4 Rf2 26. Rg3 Rxe2+ 27. Kxe2 Nxb2
28. Rf1 Nba4 29. g5 Nxc3+ 30. Rxc3 Qg4+ 31. Rcf3 Qxe4+ 32. Kd2 Qd4+ 33. Kc2
Qxc4+ 34. Kb1 Qxd5 35. R3f2 Ne6 36. Rf6 Qe4+ 37. Ka1 Qxh4 38. Rb1 Qd4+ 39. Rb2
Nxg5 40. a4 Ne4 41. Rf1 Nd2 0-1

[Event "9eme Open International de La Fere"]
[Site "La Fere (FRA)"]
[Date "2010.07.08"]
[Round "7.9"]
[White "Mestdagh, Franck"]
[Black "Defrance, Laurent"]
[Result "1/2-1/2"]
[WhiteElo "1944"]
[BlackElo "2190"]
[PlyCount "50"]
[EventDate "2010.07.08"]

1. d4 d5 2. Nf3 Nf6 3. g3 e6 4. Bg2 Be7 5. O-O O-O 6. c4 Nbd7 7. Nc3 c6 8. Ne5
Nxe5 9. dxe5 Nd7 10. f4 Nb6 11. cxd5 exd5 12. a4 Bf5 13. h3 d4 14. Ne4 Qd7 15.
g4 Bxe4 16. Bxe4 Rfd8 17. Qd3 h5 18. f5 f6 19. e6 Qc7 20. Bf4 Bd6 21. Qg3 Bxf4
22. Qxf4 Qxf4 23. Rxf4 Nd5 24. Bxd5 Rxd5 25. Rd1 Rad8 1/2-1/2

[Event "9eme Open International de La Fere"]
[Site "La Fere (FRA)"]
[Date "2010.07.08"]
[Round "7.10"]
[White "Koechler, Thomas"]
[Black "Marchyllie, Bruno"]
[Result "0-1"]
[WhiteElo "1299"]
[BlackElo "2131"]
[PlyCount "108"]
[EventDate "2010.07.08"]

1. e4 b6 2. d4 Bb7 3. Bd3 e6 4. Nf3 Nf6 5. e5 Ne4 6. Qe2 d5 7. Nbd2 Nxd2 8.
Bxd2 c5 9. c3 Qc8 10. Bb5+ Bc6 11. Bd3 Bb7 12. Bb5+ Nc6 13. Rc1 a6 14. Bd3 c4
15. Bb1 Qc7 16. Bg5 b5 17. Nd2 h6 18. Bh4 Be7 19. Bg3 a5 20. f4 g6 21. Qg4 h5
22. Qh3 g5 23. fxg5 Bxg5 24. Bh4 Qd8 25. Nf3 Be7 26. O-O Kd7 27. Bf6 Bxf6 28.
exf6 Kc7 29. Ng5 Qd7 30. Rce1 Rae8 31. Bc2 Nd8 32. Bd1 Reg8 33. Nf3 Nc6 34. Ne5
Nxe5 35. Rxe5 h4 36. Rf4 Rh6 37. Rh5 Rgg6 38. Rhxh4 Rxf6 39. Qg3 Qd6 40. Rxf6
Rxf6 41. Qg8 b4 42. Rh8 Kb6 43. g3 e5 44. cxb4 axb4 45. Ba4 exd4 46. Qe8 d3 47.
Qb5+ Kc7 48. Qe8 Qb6+ 49. Kg2 Rf2+ 50. Kh1 d4+ 51. Kg1 Rg2+ 52. Kf1 Qf6+ 53.
Ke1 Qf2+ 54. Kd1 Qd2# 0-1

[Event "9eme Open International de La Fere"]
[Site "La Fere (FRA)"]
[Date "2010.07.08"]
[Round "7.12"]
[White "Feryn, Alexandre"]
[Black "Ben Porat, Zeev"]
[Result "1-0"]
[WhiteElo "2075"]
[BlackElo "1956"]
[PlyCount "161"]
[EventDate "2010.07.08"]

1. e4 e6 2. d4 d5 3. Nc3 Bb4 4. e5 c5 5. a3 Bxc3+ 6. bxc3 Qa5 7. Bd2 Qa4 8. Qg4
g6 9. Qd1 b6 10. Nf3 Ba6 11. Bxa6 Qxa6 12. Be3 Qa5 13. Qd2 Nc6 14. O-O Nge7 15.
Qd3 cxd4 16. cxd4 Qa4 17. Bg5 Kd7 18. Rfb1 h6 19. Bd2 Nf5 20. c3 Qc4 21. Qxc4
dxc4 22. Be1 Na5 23. Nd2 Rac8 24. Ne4 Rc7 25. Rb5 Ne7 26. Nf6+ Kc6 27. Rb2 Rd8
28. Ne4 Nb3 29. Rd1 Na5 30. Bd2 h5 31. Bg5 Rf8 32. Bxe7 Rxe7 33. Rb4 a6 34.
Rdb1 b5 35. Nc5 Ra8 36. a4 Nb3 37. Nxb3 cxb3 38. R1xb3 Rb7 39. f3 Rab8 40. Kf2
a5 41. axb5+ Rxb5 42. Rc4+ Kb6 43. Ra3 f6 44. exf6 Rf8 45. Ke3 Rxf6 46. Rc5 Rf5
47. Rc8 e5 48. c4 exd4+ 49. Kxd4 Rbe5 50. Rb3+ Ka7 51. Rc7+ Ka6 52. Rc6+ Ka7
53. Rxg6 Rg5 54. Rd6 a4 55. Ra3 Ra5 56. Rd5 Raxd5+ 57. cxd5 Rxg2 58. Rxa4+ Kb7
59. h4 Kc7 60. Ke5 Rf2 61. Ra7+ Kd8 62. Kd6 Ke8 63. Ra8+ Kf7 64. Rh8 Rxf3 65.
Rxh5 Ra3 66. Rh7+ Ke8 67. h5 Ra6+ 68. Ke5 Ra1 69. Ke6 Re1+ 70. Kd6 Rh1 71. Rh8+
Kf7 72. Kd7 Rd1 73. d6 Rh1 74. h6 Ra1 75. Rc8 Rh1 76. Rc2 Rxh6 77. Rf2+ Kg8 78.
Ke7 Rh1 79. Rg2+ Kh7 80. d7 Re1+ 81. Kd8 1-0

[Event "9eme Open International de La Fere"]
[Site "La Fere (FRA)"]
[Date "2010.07.08"]
[Round "7.14"]
[White "Feryn, Benjamin"]
[Black "Boudier, Eric"]
[Result "1/2-1/2"]
[WhiteElo "2034"]
[BlackElo "1862"]
[PlyCount "81"]
[EventDate "2010.07.08"]

1. e4 d5 2. exd5 Nf6 3. Nc3 Nxd5 4. Bc4 Nb6 5. Bb3 Nc6 6. Nf3 Bf5 7. O-O e6 8.
d4 Be7 9. Be3 O-O 10. Qe2 Na5 11. Rfd1 Nxb3 12. axb3 a6 13. Ne5 c6 14. Na4 Nxa4
15. bxa4 Bd6 16. c3 Qc7 17. Nf3 Rad8 18. h3 Rfe8 19. Nd2 Qe7 20. Qf3 Bg6 21.
Nc4 Bc7 22. Bf4 Rd5 23. Ne3 Rd7 24. Bxc7 Rxc7 25. Re1 Qg5 26. Rad1 Rcc8 27. b4
Red8 28. Kh2 Bh5 29. g4 Bg6 30. Qg3 Qe7 31. Re2 Qc7 32. f4 a5 33. Kg1 Be4 34.
Nc4 Bd5 35. Nd2 b5 36. bxa5 Qxa5 37. axb5 cxb5 38. Re3 Qa4 39. Rde1 Qc2 40. Nf1
Bc4 41. Qf2 1/2-1/2

[Event "9eme Open International de La Fere"]
[Site "La Fere (FRA)"]
[Date "2010.07.08"]
[Round "7.15"]
[White "Thomas, Olivier"]
[Black "Cardon, Pierre"]
[Result "0-1"]
[WhiteElo "2060"]
[BlackElo "1871"]
[PlyCount "80"]
[EventDate "2010.07.08"]

1. e4 c5 2. Nc3 g6 3. f4 Bg7 4. Nf3 Nc6 5. Bc4 e6 6. f5 gxf5 7. d3 Nge7 8. Bg5
h6 9. Bh4 Qa5 10. O-O Bxc3 11. bxc3 Qxc3 12. Be1 Qg7 13. Nh4 fxe4 14. Qh5 Rf8
15. Bd2 Qd4+ 16. Kh1 e3 17. c3 Qe5 18. Qxe5 Nxe5 19. Bxe3 Nxc4 20. dxc4 h5 21.
Bxc5 b6 22. Bb4 Ba6 23. Rf6 Bxc4 24. Rh6 Rc8 25. Re1 a5 26. Ba3 Bxa2 27. Rh7
Rxc3 28. Bxe7 Kxe7 29. Ng6+ Ke8 30. Nxf8 Kxf8 31. Rxh5 Bd5 32. h4 Rg3 33. Rb1
f5 34. Rxb6 Rxg2 35. Rb8+ Ke7 36. Rhh8 a4 37. h5 a3 38. Ra8 a2 39. Rhe8+ Kd6
40. Ra6+ Ke5 0-1

[Event "9eme Open International de La Fere"]
[Site "La Fere (FRA)"]
[Date "2010.07.08"]
[Round "7.16"]
[White "Biniaux, Michael"]
[Black "Pytel, Krzysztof"]
[Result "0-1"]
[WhiteElo "1772"]
[BlackElo "2360"]
[PlyCount "38"]
[EventDate "2010.07.08"]

1. d4 Nf6 2. Nf3 g6 3. Nc3 c5 4. d5 Bg7 5. e4 d6 6. Bg5 O-O 7. Be2 b5 8. Bxb5
Nxe4 9. Nxe4 Qa5+ 10. Nc3 Bxc3+ 11. bxc3 Qxb5 12. Qd3 Qa4 13. Qe3 Ba6 14. Ng1
Nd7 15. Ne2 Qxc2 16. Rd1 Ne5 17. Qd2 Nd3+ 18. Kf1 Qxd2 19. Rxd2 Nc1 0-1

[Event "9eme Open International de La Fere"]
[Site "La Fere (FRA)"]
[Date "2010.07.08"]
[Round "7.17"]
[White "Brobecker, Alain"]
[Black "Lebon, Joffrey"]
[Result "1/2-1/2"]
[WhiteElo "1767"]
[BlackElo "2026"]
[PlyCount "129"]
[EventDate "2010.07.08"]

1. g3 Nf6 2. c4 g6 3. Bg2 Bg7 4. Nc3 c6 5. e4 d6 6. d4 O-O 7. Nf3 Bg4 8. Be3
Nbd7 9. Qc2 Bxf3 10. Bxf3 e5 11. d5 cxd5 12. cxd5 Qc7 13. Qd2 a6 14. O-O Rfc8
15. Rac1 Qa5 16. Rc2 b5 17. Rfc1 Nc5 18. Ne2 b4 19. a3 Rab8 20. axb4 Qxb4 21.
Qxb4 Rxb4 22. Bxc5 Rxc5 23. Rxc5 dxc5 24. Rxc5 Nd7 25. Rc7 Nf8 26. d6 Rb8 27.
Bg4 Rd8 28. d7 Ne6 29. Ra7 Nc5 30. Nc3 Kf8 31. Nd5 f5 32. exf5 Nxd7 33. fxg6
Nb8 34. Be6 Rd6 35. Rf7+ Kg8 36. Ne7+ Kh8 37. Rxg7 Rd1+ 38. Kg2 Kxg7 39. gxh7
Kxh7 40. Bc4 Rd4 41. b3 a5 42. Nf5 Rd2 43. Kf3 Nc6 44. h4 Kg6 45. Ke3 Rb2 46.
g4 Kf6 47. h5 Rc2 48. Bg8 Nd8 49. h6 Nf7 50. h7 Rc3+ 51. Kd2 Rh3 52. Ng3 Nh8
53. Kd3 Kg5 54. Ke4 Ng6 55. Kf3 Kh6 56. Ke4 Kg7 57. Nh5+ Kh6 58. f4 exf4 59.
Nxf4 Rh1 60. Nxg6 Kxg6 61. Kd4 Kg5 62. Kc5 Kxg4 63. Kb5 Rh5+ 64. Ka4 Kf4 65. b4
1/2-1/2

[Event "9eme Open International de La Fere"]
[Site "La Fere (FRA)"]
[Date "2010.07.08"]
[Round "7.18"]
[White "Swiercz, Sonia"]
[Black "Derigny, Philippe"]
[Result "0-1"]
[WhiteElo "1762"]
[BlackElo "1986"]
[PlyCount "62"]
[EventDate "2010.07.08"]

1. e4 d6 2. d4 Nf6 3. Nc3 g6 4. Nf3 Bg7 5. h3 c6 6. Be3 Qa5 7. Bd3 Nbd7 8. O-O
O-O 9. Qd2 Qc7 10. Bh6 a6 11. Bxg7 Kxg7 12. Qg5 h6 13. Qe3 e5 14. dxe5 dxe5 15.
Nh4 b5 16. a3 Nh5 17. Ne2 Qb6 18. Qd2 Qd8 19. Nf3 Qf6 20. b4 g5 21. Nh2 Qe7 22.
Ng3 Nxg3 23. fxg3 Nb6 24. Nf3 f6 25. Qc3 Bd7 26. Nd2 Na4 27. Qb3 Rad8 28. c4
Be6 29. Qc2 Qd6 30. Rf3 Qd4+ 31. Kh2 Qxa1 0-1

[Event "9eme Open International de La Fere"]
[Site "La Fere (FRA)"]
[Date "2010.07.08"]
[Round "7.19"]
[White "Dernoncourt, Christophe"]
[Black "Rigolot, Lucie"]
[Result "0-1"]
[WhiteElo "1706"]
[BlackElo "1902"]
[PlyCount "108"]
[EventDate "2010.07.08"]

1. d4 d5 2. c4 c6 3. Nc3 Nf6 4. Bg5 dxc4 5. a4 Qa5 6. Bxf6 exf6 7. e3 Bb4 8.
Qc2 Be6 9. Nf3 b5 10. Nd2 O-O 11. Be2 Bxc3 12. bxc3 a6 13. O-O Qc7 14. Rfb1 Nd7
15. Bf3 Rab8 16. e4 g6 17. g4 Nb6 18. a5 Na4 19. d5 cxd5 20. exd5 Bd7 21. Kg2
f5 22. gxf5 Bxf5 23. Be4 Bxe4+ 24. Nxe4 f5 25. Nd2 Qe5 26. Rxa4 bxa4 27. Rxb8
Rxb8 28. Qxa4 Qxd5+ 29. Nf3 Qb5 30. Qa3 Rd8 31. Qe7 Qd7 32. Qb4 Qb5 33. Qe7 Re8
34. Qf6 Qxa5 35. Ng5 Qd5+ 36. Kh3 Qd7 37. Qxa6 Qd3+ 38. Kg2 Qd5+ 39. Kh3 f4 40.
Qf6 Qf5+ 41. Qxf5 gxf5 42. Kh4 Re2 43. Nh3 h6 44. Kh5 Kg7 45. Kh4 Rc2 46. Nxf4
Rxf2 47. Kg3 Rc2 48. Nd5 Kf7 49. Kf3 Ke6 50. Nf4+ Kd6 51. Ne2 Ke5 52. h3 Rxe2
53. Kxe2 Ke4 54. Kf2 Kd3 0-1

[Event "9eme Open International de La Fere"]
[Site "La Fere (FRA)"]
[Date "2010.07.08"]
[Round "7.20"]
[White "Sivertsen, Aage"]
[Black "Brugge, Bruno"]
[Result "1-0"]
[WhiteElo "1876"]
[BlackElo "1730"]
[PlyCount "91"]
[EventDate "2010.07.08"]

1. e4 c5 2. d4 cxd4 3. c3 dxc3 4. Nxc3 Nc6 5. Nf3 g6 6. Bc4 Bg7 7. O-O d6 8.
Qe2 Nf6 9. Rd1 Nd7 10. Bxf7+ Kxf7 11. Ng5+ Ke8 12. Ne6 Qa5 13. Nxg7+ Kf7 14.
Bh6 Nde5 15. Qe3 Rf8 16. Nh5 Bg4 17. Rd5 Qb6 18. Qxb6 axb6 19. Bxf8 Rxf8 20.
Nf4 Kg7 21. Nce2 Nb4 22. Rb5 Nbd3 23. f3 Bc8 24. Rd1 h5 25. Rxb6 h4 26. h3 Bxh3
27. gxh3 Nxf3+ 28. Kg2 Nfe1+ 29. Rxe1 Nxe1+ 30. Kg1 Nf3+ 31. Kg2 Ne1+ 32. Kg1
Nf3+ 33. Kf2 Ng5 34. Kg2 Rb8 35. a4 Ne6 36. Kf3 Kh6 37. a5 Nc5 38. Nd4 Rf8 39.
Ke2 e5 40. Nf3 Ne6 41. Nxh4 Nxf4+ 42. Ke3 Nxh3 43. Rxd6 Kh5 44. Nxg6 Rg8 45.
Nxe5 Rg3+ 46. Kd4 1-0

[Event "9eme Open International de La Fere"]
[Site "La Fere (FRA)"]
[Date "2010.07.08"]
[Round "7.21"]
[White "Dumas, Victor"]
[Black "Brelot, Loic"]
[Result "1-0"]
[WhiteElo "1865"]
[BlackElo "1706"]
[PlyCount "73"]
[EventDate "2010.07.08"]

1. e4 c6 2. d4 d5 3. Nc3 dxe4 4. Nxe4 Bf5 5. Ng3 Bg6 6. N1e2 e6 7. h4 h6 8. Nf4
Bh7 9. Bd3 Bxd3 10. Qxd3 Nf6 11. Bd2 Nbd7 12. O-O-O Qc7 13. Rhe1 O-O-O 14. Nfh5
Bd6 15. Nxf6 Nxf6 16. Ne4 Nxe4 17. Qxe4 Rhe8 18. h5 c5 19. Bc3 cxd4 20. Rxd4
Kb8 21. Rc4 Qe7 22. Qe3 Rc8 23. Rxc8+ Rxc8 24. Bxg7 Qc7 25. Qe2 Bf4+ 26. Kb1
Rg8 27. Bc3 Rxg2 28. Qf3 Rg5 29. a3 Rc5 30. Re4 e5 31. Qg4 Qc8 32. Qg7 f5 33.
Re1 e4 34. Rd1 Rc7 35. Be5 Bxe5 36. Qxe5 Ka8 37. Qf6 1-0

[Event "9eme Open International de La Fere"]
[Site "La Fere (FRA)"]
[Date "2010.07.08"]
[Round "7.22"]
[White "Molet, Asher"]
[Black "Eeckhout, Jean-Louis"]
[Result "1-0"]
[WhiteElo "1830"]
[BlackElo "1713"]
[PlyCount "52"]
[EventDate "2010.07.08"]

1. d4 c6 2. Nf3 d5 3. Bf4 Nf6 4. e3 e6 5. Bd3 Bd6 6. O-O Qc7 7. Bxd6 Qxd6 8.
Ne5 Nbd7 9. f4 Qc7 10. Nd2 b6 11. c4 Bb7 12. Rc1 h5 13. Ndf3 Ne4 14. Bxe4 dxe4
15. Ng5 Nf6 16. Nexf7 Rf8 17. Ne5 Qc8 18. c5 b5 19. Qb3 Nd5 20. Nxe4 Qc7 21.
Ng6 Rg8 22. Nd6+ Kd8 23. e4 Ne7 24. Qxe6 Bc8 25. Nxc8 Rxc8 26. Nxe7 Re8 1-0

[Event "9eme Open International de La Fere"]
[Site "La Fere (FRA)"]
[Date "2010.07.08"]
[Round "7.24"]
[White "Navel, Jean-Yves"]
[Black "Rouffignac, Marie"]
[Result "1-0"]
[WhiteElo "1776"]
[BlackElo "1537"]
[PlyCount "89"]
[EventDate "2010.07.08"]

1. e4 e5 2. Nc3 Nf6 3. f4 d5 4. fxe5 Nxe4 5. d3 Nxc3 6. bxc3 d4 7. Nf3 dxc3 8.
d4 Be6 9. Be2 Be7 10. O-O O-O 11. Qd3 Nc6 12. Qxc3 f6 13. Rd1 Bd5 14. Bc4 Kh8
15. Bb2 Qd7 16. Qd3 Rad8 17. Bxd5 Qxd5 18. c4 Qd7 19. Qe2 Qg4 20. h3 Qh5 21. e6
Rfe8 22. d5 Bc5+ 23. Kh2 Bd6+ 24. Kh1 Ne5 25. Bxe5 Bxe5 26. Rab1 b6 27. Qe4 Bd6
28. Nd4 Qe5 29. Qxe5 Bxe5 30. Nc6 Ra8 31. Nxe5 fxe5 32. Re1 a5 33. a4 Rf8 34.
Rxe5 Rae8 35. Rbe1 Kg8 36. Rc1 Rf4 37. c5 bxc5 38. Rxc5 Rxa4 39. Rxc7 Rd4 40.
Ra7 a4 41. Ra6 Kf8 42. d6 a3 43. d7 Rd1+ 44. Kh2 a2 45. Rf5+ 1-0

[Event "9eme Open International de La Fere"]
[Site "La Fere (FRA)"]
[Date "2010.07.08"]
[Round "7.25"]
[White "Lucas, Bernard"]
[Black "Bardoux, Thierry"]
[Result "0-1"]
[WhiteElo "1674"]
[BlackElo "2169"]
[PlyCount "80"]
[EventDate "2010.07.08"]

1. d4 Nf6 2. c4 g6 3. Nc3 Bg7 4. Bf4 O-O 5. e3 d6 6. Nf3 c6 7. Be2 Nbd7 8. O-O
Re8 9. Bg3 h6 10. Rc1 e5 11. dxe5 dxe5 12. Nxe5 Nc5 13. Nf3 Nfe4 14. Nxe4 Nxe4
15. Qxd8 Rxd8 16. Be5 Nd2 17. Bxg7 Kxg7 18. Rfd1 Nxf3+ 19. Bxf3 Be6 20. b3 Kf6
21. Kf1 Ke7 22. Rxd8 Rxd8 23. Rd1 Rxd1+ 24. Bxd1 Kd6 25. Bc2 Kc5 26. a3 a5 27.
a4 Kb4 28. Ke2 Kc3 29. Kd1 g5 30. f3 f6 31. e4 h5 32. h3 h4 33. Kc1 Bd7 34. Kd1
Be8 35. Kc1 b5 36. axb5 cxb5 37. c5 Kb4 38. Kd2 Kxc5 39. Ke3 a4 40. bxa4 bxa4
0-1

[Event "9eme Open International de La Fere"]
[Site "La Fere (FRA)"]
[Date "2010.07.08"]
[Round "7.26"]
[White "Bedu, Jean-Pierre"]
[Black "Husson, Cybele"]
[Result "0-1"]
[WhiteElo "1640"]
[BlackElo "2040"]
[PlyCount "86"]
[EventDate "2010.07.08"]

1. d4 f5 2. c4 g6 3. Nc3 Bg7 4. e3 d6 5. f4 e5 6. dxe5 dxe5 7. Qxd8+ Kxd8 8.
fxe5 Bxe5 9. Bd2 c6 10. Nf3 Bf6 11. O-O-O Kc7 12. e4 b6 13. Bf4+ Kb7 14. e5 Be7
15. Ng5 Bxg5 16. Bxg5 h6 17. Bd8 Na6 18. g3 Rh7 19. Bg2 Bd7 20. Bf6 Re8 21.
Rhe1 Kc7 22. e6 Nxf6 23. exd7 Rxd7 24. Rxd7+ Kxd7 25. Rd1+ Kc7 26. b3 Nc5 27.
Rd2 Ng4 28. Bf3 Re3 29. Bxg4 Rxc3+ 30. Kb2 Re3 31. Bd1 g5 32. Bc2 f4 33. gxf4
gxf4 34. Rf2 f3 35. Kc1 Re1+ 36. Kd2 Rh1 37. Ke3 a5 38. Kxf3 Ra1 39. Bg6 a4 40.
b4 Na6 41. b5 Nb4 42. bxc6 Rxa2 43. Rxa2 Nxa2 0-1

[Event "9eme Open International de La Fere"]
[Site "La Fere (FRA)"]
[Date "2010.07.08"]
[Round "7.27"]
[White "Soveaux, Jean"]
[Black "Vernede, Victor"]
[Result "0-1"]
[WhiteElo "1932"]
[BlackElo "1671"]
[PlyCount "94"]
[EventDate "2010.07.08"]

1. d4 d5 2. c4 e6 3. Nf3 Nf6 4. Nc3 c5 5. Bg5 Be7 6. dxc5 Bxc5 7. e3 Bb4 8. a3
Be7 9. Qc2 O-O 10. Rd1 Qa5 11. Be2 Nbd7 12. O-O Bd6 13. cxd5 Nxd5 14. Nxd5 exd5
15. Bh4 Nb6 16. Ng5 g6 17. Nf3 Qc5 18. Qd2 Be7 19. Rc1 Qd6 20. Bg3 Qe6 21. Nd4
Qf6 22. Rc2 a6 23. Rfc1 Bd6 24. Bxd6 Qxd6 25. b4 Bd7 26. Nb3 Ba4 27. Rc3 Rac8
28. Nc5 Bc6 29. Qd4 Rfe8 30. f3 Qe5 31. Qd2 Nc4 32. Bxc4 dxc4 33. e4 Red8 34.
Qe2 Rd4 35. a4 b6 36. Nxa6 Bxa4 37. Rxc4 Rcxc4 38. Rxc4 Bb5 39. Rc8+ Kg7 40.
Qa2 Rd1+ 41. Kf2 Qd4+ 42. Kg3 Rd2 43. Rc2 Qf2+ 44. Kf4 g5+ 45. Ke5 Qd4+ 46. Kf5
Qf6+ 47. Kg4 Bd7+ 0-1